[Event "Robecchetto op-A 26th"]
[Site "Robecchetto"]
[Date "2015.07.24"]
[Round "1"]
[White "D'Avino, Luca"]
[Black "Paleologu, Vladimir"]
[Result "1-0"]
[WhiteElo "1922"]
[BlackElo "2080"]
[PlyCount "93"]
[EventDate "2015.07.24"]
[EventType "swiss"]
[EventRounds "5"]
[EventCountry "ITA"]
[SourceTitle "EXT 2016"]
[Source "ChessBase"]
[SourceDate "2015.10.08"]
[SourceVersion "1"]
[SourceVersionDate "2015.10.08"]
[SourceQuality "1"]

1. d4 d6 2. e4 Nf6 3. Nc3 Nbd7 4. Nf3 e5 5. Bc4 Be7 6. h3 c6 7. Bb3 h6 8. 0-0 Qc7 9. a4 g5 10. dxe5 dxe5 11. Nh2 Nc5 12. Ba2 Ne6 13. Re1 Bd7 14. Bxe6 Bxe6 15. Be3 Bb4 16. Qf3 Nd7 17. Reb1 0-0-0 18. Nd1 Kb8 19. c3 Be7 20. b4 Rhf8 21. g4 h5 22. Qe2 hxg4 23. hxg4 Rh8 24. Nf1 Rh4 25. f3 Rdh8 26. a5 Qd8 27. Nf2 f6 28. b5 c5 29. Rd1 R4h7 30. Ng3 Qg8 31. Nf5 Bf8 32. b6 a6 33. Nd6 Rh2 34. Nf5 Bc4 35. Rxd7 Be7 36. Nxe7 Bxe2 37. Nxg8 Kc8 38. Rc7+ Kb8 39. Nxf6 Bxf3 40. Nd7+ Ka8 41. Nxe5 Bxe4 42. Rc8+ Rxc8 43. Kxh2 Rh8+ 44. Kg3 Bc2 45. Bxg5 c4 46. Rh1 Rf8 47. Bf6 1-0

[Event "Milan Carnevale op 4th"]
[Site "Milan"]
[Date "2013.02.16"]
[Round "4"]
[White "Miracola, Giorgia"]
[Black "D'Avino, Luca"]
[Result "1/2-1/2"]
[WhiteElo "1867"]
[BlackElo "1870"]
[PlyCount "86"]
[EventDate "2013.02.13"]
[EventType "swiss"]
[EventRounds "6"]
[EventCountry "ITA"]
[SourceTitle "EXT 2014"]
[Source "ChessBase"]
[SourceDate "2013.11.20"]
[SourceVersion "1"]
[SourceVersionDate "2013.11.20"]
[SourceQuality "1"]

1. e4 c5 2. Nf3 e6 3. d4 cxd4 4. Nxd4 Nf6 5. Nc3 d6 6. Bc4 Be7 7. Be3 0-0 8. Bb3 Na6 9. Qe2 Nc5 10. f3 a6 11. g4 Qc7 12. 0-0-0 b5 13. g5 Nxb3+ 14. axb3 Nd7 15. Nf5 Nc5 16. Nxe7+ Qxe7 17. Qd2 b4 18. Ne2 d5 19. Nf4 Bb7 20. Qxb4 Rac8 21. exd5 exd5 22. Rhe1 Qc7 23. Kb1 Ne6 24. Qd2 d4 25. Nxe6 dxe3 26. Nxc7 exd2 27. Re7 Rfd8 28. Ne6 fxe6 29. Rxb7 Rc5 30. h4 Rf5 31. c3 Rxf3 32. Rb6 e5 33. Rxa6 e4 34. Re6 e3 35. Kc2 Kf7 36. Re4 Re8 37. Rxe8 Kxe8 38. Kd3 Kd7 39. c4 Kc6 40. b4 Kb6 41. Ke2 Rh3 42. Kd3 Rxh4 43. Kxe3 Rxc4 1/2-1/2

[Event "Milan SSM op"]
[Site "Milan"]
[Date "2012.07.28"]
[Round "2"]
[White "Miracola, Massimiliano"]
[Black "D'Avino, Luca"]
[Result "1-0"]
[WhiteElo "2118"]
[BlackElo "1863"]
[PlyCount "57"]
[EventDate "2012.07.27"]
[EventType "swiss"]
[EventRounds "7"]
[EventCountry "ITA"]
[SourceTitle "EXT 2014"]
[Source "ChessBase"]
[SourceDate "2013.11.20"]
[SourceVersion "1"]
[SourceVersionDate "2013.11.20"]
[SourceQuality "1"]

1. d4 Nf6 2. c4 g6 3. Nf3 c5 4. d5 e6 5. Nc3 exd5 6. cxd5 d6 7. g3 Bg7 8. Bg2 0-0 9. 0-0 Na6 10. Nd2 Rb8 11. a4 Nb4 12. Nc4 Bg4 13. h3 Bh5 14. g4 Bxg4 15. hxg4 Nxg4 16. Bf4 Be5 17. Qd2 Qh4 18. Nxe5 Nxe5 19. Bxe5 dxe5 20. Ne4 f5 21. Qg5 Qxg5 22. Nxg5 Rfd8 23. e4 fxe4 24. Bxe4 b6 25. Rfd1 Rd6 26. Nf3 Rbd8 27. Nxe5 Nxd5 28. Nc6 R8d7 29. Bxd5+ 1-0

[Event "Milan SSM op"]
[Site "Milan"]
[Date "2011.08.02"]
[Round "6"]
[White "Pelizzola, Danilo"]
[Black "D'Avino, Luca"]
[Result "1-0"]
[WhiteElo "2016"]
[BlackElo "1848"]
[PlyCount "45"]
[EventDate "2011.07.29"]
[EventType "swiss"]
[EventRounds "7"]
[EventCountry "ITA"]
[SourceTitle "EXT 2014"]
[Source "ChessBase"]
[SourceDate "2013.11.20"]
[SourceVersion "1"]
[SourceVersionDate "2013.11.20"]
[SourceQuality "1"]

1. e4 c5 2. Nf3 d6 3. Bb5+ Nd7 4. 0-0 e6 5. Re1 Ngf6 6. d4 cxd4 7. Qxd4 Be7 8. Nc3 0-0 9. Bg5 Qa5 10. e5 dxe5 11. Nxe5 Bc5 12. Qh4 Nxe5 13. Rxe5 Bxf2+ 14. Kxf2 Ng4+ 15. Qxg4 f6 16. Ree1 fxg5+ 17. Kg1 Qb6+ 18. Kh1 a6 19. Bd3 Qxb2 20. Na4 Qf6 21. Rf1 Qe7 22. Rxf8+ Qxf8 23. Nb6 1-0

[Event "Milan SSM op"]
[Site "Milan"]
[Date "2011.07.31"]
[Round "3"]
[White "D'Avino, Luca"]
[Black "Bisignano, Giuseppe"]
[Result "0-1"]
[WhiteElo "1848"]
[BlackElo "1921"]
[PlyCount "130"]
[EventDate "2011.07.29"]
[EventType "swiss"]
[EventRounds "7"]
[EventCountry "ITA"]
[SourceTitle "EXT 2014"]
[Source "ChessBase"]
[SourceDate "2013.11.20"]
[SourceVersion "1"]
[SourceVersionDate "2013.11.20"]
[SourceQuality "1"]

1. e4 e5 2. Nf3 Nc6 3. Bb5 a6 4. Ba4 Nf6 5. 0-0 Be7 6. Re1 d6 7. c3 Bd7 8. d4 b5 9. Bb3 0-0 10. Nbd2 Bg4 11. d5 Na5 12. Bc2 Nb7 13. Nf1 a5 14. h3 Bd7 15. Ng3 g6 16. Bh6 Re8 17. Qd2 Nc5 18. Rad1 Qc8 19. Nh2 b4 20. c4 Qa6 21. b3 a4 22. Qxb4 axb3 23. axb3 Reb8 24. Qc3 Qa5 25. Qxa5 Rxa5 26. b4 Rxb4 27. Bd2 Rxc4 28. Bxa5 Rxc2 29. f3 Nb3 30. Bb4 Bb5 31. Nhf1 Bxf1 32. Kxf1 h5 33. Rb1 Nd4 34. Rec1 Nd7 35. Rxc2 Nxc2 36. Ba5 Nc5 37. Rc1 Ne3+ 38. Kg1 Nb3 39. Rc3 Nxa5 40. Rxe3 c5 41. dxc6 Nxc6 42. Ne2 f5 43. Rd3 Kf7 44. Kf2 Ke6 45. Ke1 Nb4 46. Rb3 d5 47. exd5+ Kxd5 48. Kd2 Bc5 49. Kc3 Na2+ 50. Kb2 Nb4 51. Kc3 Nc6 52. Rb5 Na7 53. Rb7 Nc6 54. Rd7+ Bd6 55. Rg7 Ne7 56. Rh7 e4 57. Nf4+ Ke5 58. Ne2 Nd5+ 59. Kc4 Ne3+ 60. Kb5 Nxg2 61. fxe4 fxe4 62. Rg7 Nh4 63. Kc4 Kf6 64. Rd7 Be5 65. Kd5 Nf3 0-1

[Event "Milan SSM op"]
[Site "Milan"]
[Date "2011.07.31"]
[Round "4"]
[White "Poletto, Daniele"]
[Black "D'Avino, Luca"]
[Result "1/2-1/2"]
[WhiteElo "1803"]
[BlackElo "1848"]
[PlyCount "59"]
[EventDate "2011.07.29"]
[EventType "swiss"]
[EventRounds "7"]
[EventCountry "ITA"]
[SourceTitle "EXT 2014"]
[Source "ChessBase"]
[SourceDate "2013.11.20"]
[SourceVersion "1"]
[SourceVersionDate "2013.11.20"]
[SourceQuality "1"]

1. c4 Nf6 2. Nc3 g6 3. g3 Bg7 4. Bg2 0-0 5. e4 d6 6. Nge2 e5 7. 0-0 Nc6 8. d3 Ne8 9. f4 f5 10. Be3 Nf6 11. h3 fxe4 12. dxe4 exf4 13. gxf4 Be6 14. c5 Qc8 15. Kh2 dxc5 16. Bxc5 Rd8 17. Qc2 b6 18. Ba3 Nd4 19. Nxd4 Rxd4 20. e5 Nd5 21. Nxd5 Bxd5 22. Bxd5+ Rxd5 23. Qc4 Qe6 24. Qc2 c5 25. Rad1 Rad8 26. Rxd5 Qxd5 27. b3 Bh6 28. Rf2 Rf8 29. Bc1 Rd8 30. h4 1/2-1/2

[Event "Milan SSM op"]
[Site "Milan"]
[Date "2011.07.30"]
[Round "2"]
[White "Moroni, Luca Jr"]
[Black "D'Avino, Luca"]
[Result "1-0"]
[WhiteElo "1964"]
[BlackElo "1848"]
[PlyCount "83"]
[EventDate "2011.07.29"]
[EventType "swiss"]
[EventRounds "7"]
[EventCountry "ITA"]
[SourceTitle "EXT 2014"]
[Source "ChessBase"]
[SourceDate "2013.11.20"]
[SourceVersion "1"]
[SourceVersionDate "2013.11.20"]
[SourceQuality "1"]

1. e4 c5 2. Nf3 e6 3. d4 cxd4 4. Nxd4 Nf6 5. Nc3 d6 6. Be2 a6 7. 0-0 Be7 8. Be3 0-0 9. f4 Qc7 10. Qe1 Nc6 11. Qg3 Nxd4 12. Bxd4 b5 13. a3 Bb7 14. Rae1 d5 15. e5 Bc5 16. Qe3 Bxd4 17. Qxd4 Ne4 18. Nxe4 dxe4 19. c3 Rad8 20. Qe3 Rd7 21. Rd1 Rfd8 22. Rxd7 Rxd7 23. Rd1 Rxd1+ 24. Bxd1 Bd5 25. Qd4 g6 26. g3 h5 27. Kf2 h4 28. Bc2 hxg3+ 29. hxg3 f5 30. exf6 Qh7 31. f7+ Qxf7 32. Bxe4 Bxe4 33. Qxe4 Qa7+ 34. Kg2 Kf7 35. g4 Qd7 36. Qd4 Qc6+ 37. Kg3 Qh1 38. Qd7+ Kf8 39. Qxe6 Qg1+ 40. Kh4 Qf2+ 41. Kg5 Qxb2 42. Kxg6 1-0

[Event "Milan Crespi op-B 31th"]
[Site "Milan"]
[Date "2010.12.07"]
[Round "5"]
[White "D'Avino, Luca"]
[Black "Olivo, Mario"]
[Result "0-1"]
[WhiteElo "1915"]
[BlackElo "1818"]
[PlyCount "77"]
[EventDate "2010.12.04"]
[EventType "swiss"]
[EventRounds "7"]
[EventCountry "ITA"]
[SourceTitle "EXT 2024"]
[Source "ChessBase"]
[SourceDate "2023.10.10"]
[SourceVersion "1"]
[SourceVersionDate "2023.10.10"]
[SourceQuality "1"]

1. e4 c5 2. Nf3 d6 3. d4 cxd4 4. Nxd4 Nf6 5. Nc3 a6 6. Be2 e5 7. Nb3 Be7 8. 0-0 0-0 9. Be3 Be6 10. f4 Qc7 11. f5 Bc4 12. g4 Bxe2 13. Qxe2 h6 14. h4 Qc6 15. Na5 Qc7 16. Nc4 Nbd7 17. g5 hxg5 18. hxg5 Nh7 19. Nd5 Qd8 20. f6 gxf6 21. Bb6 Nxb6 22. Nxe7+ Qxe7 23. gxf6 Nxf6 24. Nxb6 Rad8 25. Nd5 Nxd5 26. Qg4+ Kh8 27. Qh5+ Kg7 28. Qg4+ Kh6 29. Rf5 Nf4 30. Kf2 Ng6 31. Rh1+ Kg7 32. Rg1 Rh8 33. Qf3 Rh2+ 34. Ke3 Rdh8 35. Rg3 Rxc2 36. Rg2 Rxg2 37. Qxg2 Qh4 38. Rf3 Qe1+ 39. Kd3 0-1